| 000 | 00441nam a22001457a 4500 | ||
|---|---|---|---|
| 005 | 20180108135229.0 | ||
| 008 | 180108b xxu||||| |||| 00| 0 eng d | ||
| 040 | _cPK-LaUMT | ||
| 082 |
_aPKAC 297 _bQUT-A |
||
| 100 | _aQutab , Sayid | ||
| 245 |
_aAenda dar qalmro Islam(آیندہ در قلمرہ اسلام) _c Sayid Qutab |
||
| 260 |
_aبیروت: _bالاتحاد الاسلامی العالمی، _c1980 |
||
| 300 | _a] [ | ||
| 942 | _cBK | ||
| 999 |
_c101460 _d101460 |
||